EA FC26 All Gold USA Players - Statistics

General Stats
  • This quiz has been taken 26 times
  • The average score is 11 of 20
Answer Stats
Rate Club Answer % Correct
84 Milan Christian Pulisic
100%
82 Fulham Antonee Robinson
95%
78 Juventus Weston McKennie
90%
77 Crystal Palace Chris Richards
76%
82 Leverkusen Malik Tillman
76%
79 Bournemouth Tyler Adams
76%
77 Monaco Folarin Balogun
71%
77 Marseille Timothy Weah
71%
79 PSV Sergino Dest
67%
81 Atletico Madrid Johnny Cardoso
57%
75 Norwich City Josh Sargent
57%
79 Celtic Cameron Carter-Vickers
52%
75 Gladbach Gio Reyna
43%
76 PSV Ricardo Pepi
43%
75 Lyon Tanner Tessmann
38%
75 Colorado Rapids Paxten Aaronson
29%
75 Nashville Walker Zimmerman
29%
75 Columbus Crew Darlington Nagbe
14%
75 FC Toronto Djordje Mihailovic
14%
75 Vancouver Whitecaps Brian White
10%
No matching quizzes found
Score Distribution
Percent of People with Each Score
Percentile by Number Answered
Your Score History
You have not taken this quiz